[Event "Titled Tuesday intern op 21st Jan Late"]
[Site "Chess.com INT"]
[Date "2025.01.21"]
[Round "6"]
[White "Herpai, Jozsef Matyas"]
[Black "Parizek, Vojtech"]
[Result "1-0"]
[WhiteElo "2063"]
[BlackElo "2178"]
[PlyCount "87"]
[EventDate "2025.01.21"]
[EventType "swiss (blitz)"]
[EventRounds "11"]
[EventCountry "USA"]
[SourceTitle "CB05_2025"]
[SourceDate "2025.01.29"]
[SourceVersion "1"]
[SourceVersionDate "2025.01.29"]
[SourceQuality "1"]

1. e4 c5 2. Nf3 Nc6 3. d4 cxd4 4. Nxd4 Nf6 5. Nc3 e5 6. Ndb5 d6 7. Bg5 a6 8. Na3 b5 9. Bxf6 gxf6 10. Nd5 f5 11. g3 Bg7 12. Bg2 0-0 13. exf5 Bxf5 14. Ne3 Ne7 15. Nxf5 Nxf5 16. Qd3 e4 17. Bxe4 Bxb2 18. 0-0 Bxa1 19. Rxa1 Qf6 20. Rd1 Ne7 21. Bxa8 Rxa8 22. Qxd6 Qxd6 23. Rxd6 Kg7 24. f4 Nf5 25. Rb6 Nd4 26. Kf2 Re8 27. Rd6 Re2+ 28. Kf1 Rd2 29. Rxa6 b4 30. Nc4 Rxc2 31. Ne5 Rxh2 32. Ra7 h5 33. Nxf7 Kf6 34. Ne5 Kf5 35. Ra4 Nc2 36. Kg1 Rd2 37. Ra8 Ke4 38. Rh8 Nd4 39. Ra8 Ne2+ 40. Kf2 Nxf4+ 41. Ke1 Re2+ 42. Kf1 Kxe5 43. gxf4+ Kxf4 44. Kxe2 1-0

[Event "Titled Tuesday intern op 21st Jan Late"]
[Site "Chess.com INT"]
[Date "2025.01.21"]
[Round "7"]
[White "Parizek, Vojtech"]
[Black "Jou, Esther"]
[Result "1-0"]
[WhiteElo "2178"]
[BlackElo "2011"]
[PlyCount "107"]
[EventDate "2025.01.21"]
[EventType "swiss (blitz)"]
[EventRounds "11"]
[EventCountry "USA"]
[SourceTitle "CB05_2025"]
[SourceDate "2025.01.29"]
[SourceVersion "1"]
[SourceVersionDate "2025.01.29"]
[SourceQuality "1"]

1. e4 e5 2. Nf3 Nc6 3. Bb5 a6 4. Ba4 b5 5. Bb3 Nf6 6. Ng5 d5 7. exd5 Nxd5 8. Nxf7 Kxf7 9. Qf3+ Ke6 10. Nc3 Nce7 11. 0-0 c6 12. d4 g6 13. Re1 Bg7 14. Bf4 Rf8 15. dxe5 c5 16. Bxd5+ Nxd5 17. Rad1 Rxf4 18. Qxf4 Nxf4 19. Rxd8 Bb7 20. Rd6+ Ke7 21. f3 Rd8 22. Rxd8 Kxd8 23. g3 Nh3+ 24. Kg2 Ng5 25. Re3 b4 26. Na4 Bf8 27. Kf2 Ne6 28. Nb6 Kc7 29. Nc4 Bd5 30. Nd2 c4 31. Re1 Bc5+ 32. Kg2 Nd4 33. c3 bxc3 34. bxc3 Nb5 35. e6 Be7 36. Re3 Kc6 37. Kf2 Kd6 38. Ne4+ Kc6 39. h4 Nc7 40. Ke2 Bxe6 41. Nf2 Bc5 42. Re5 Kd6 43. f4 Nd5 44. Ne4+ Ke7 45. Nxc5 Nxc3+ 46. Kd2 Nb5 47. Rxe6+ Kf7 48. Rxa6 Nd4 49. Ra7+ Kf6 50. Kc3 Ne2+ 51. Kxc4 Nxg3 52. Rxh7 Ne2 53. a4 Nxf4 54. a5 1-0

[Event "Titled Tuesday intern op 17th Oct Late"]
[Site "Chess.com INT"]
[Date "2023.10.17"]
[Round "6"]
[White "Parizek, Vojtech"]
[Black "Bueno, Alfeu Varela Jr"]
[Result "0-1"]
[WhiteElo "2128"]
[BlackElo "2140"]
[PlyCount "50"]
[EventDate "2023.10.17"]
[EventType "swiss (blitz)"]
[EventRounds "11"]
[EventCountry "USA"]
[SourceTitle "EXT 2025"]
[Source "ChessBase"]
[SourceDate "2024.10.14"]
[SourceVersion "1"]
[SourceVersionDate "2024.10.14"]
[SourceQuality "1"]

1. e4 e6 2. d4 d5 3. Nc3 Nf6 4. e5 Nfd7 5. f4 c5 6. Nf3 Nc6 7. Be3 cxd4 8. Nxd4 Bc5 9. Qd2 0-0 10. 0-0-0 a6 11. Nce2 Qe7 12. g4 f6 13. f5 Ndxe5 14. fxe6 Nc4 15. Qc3 Bxe6 16. Bg2 Bb4 17. Qb3 N4a5 18. Qa4 Nxd4 19. Rxd4 Nc6 20. Rxd5 Bxg4 21. Qb3 Kh8 22. Nd4 Bc5 23. Nxc6 Bxe3+ 24. Kb1 bxc6 25. Rd3 Bh6 0-1

[Event "Titled Tuesday intern op 23rd May Late"]
[Site "Chess.com INT"]
[Date "2023.05.23"]
[Round "3"]
[White "Parizek, Vojtech"]
[Black "Yeritsyan, Hayk"]
[Result "0-1"]
[WhiteElo "2146"]
[BlackElo "2241"]
[PlyCount "102"]
[EventDate "2023.05.23"]
[EventType "swiss (blitz)"]
[EventRounds "11"]
[EventCountry "USA"]
[SourceTitle "EXT 2024"]
[Source "ChessBase"]
[SourceDate "2023.10.10"]
[SourceVersion "1"]
[SourceVersionDate "2023.10.10"]
[SourceQuality "1"]

1. e4 c6 2. d4 d5 3. exd5 cxd5 4. c4 Nf6 5. Nc3 Nc6 6. Nf3 a6 7. cxd5 Nxd5 8. Bd3 Bg4 9. Be4 e6 10. Be3 Be7 11. 0-0 0-0 12. a3 Bf6 13. Qd3 g6 14. Rad1 Nce7 15. h3 Bf5 16. Ne5 Bxe4 17. Nxe4 Bg7 18. Qb3 Qb6 19. Qxb6 Nxb6 20. Rc1 Nbd5 21. Nd6 b5 22. Rc5 Rad8 23. Nb7 Rb8 24. Nd6 Rb6 25. Ne4 h6 26. Nd7 Rbb8 27. Rfc1 Rfd8 28. Nxb8 Rxb8 29. Nd6 Bf8 30. Nc8 Nf5 31. Rc6 Nfxe3 32. fxe3 Nxe3 33. Rxa6 b4 34. axb4 Rxb4 35. Ra2 Rxd4 36. Nb6 Rb4 37. Na4 Nd5 38. Nc3 Nf4 39. Ra8 Kg7 40. Rc2 Be7 41. Nd1 Bf6 42. Kh1 Rd4 43. Ra1 Rb4 44. Rb1 h5 45. b3 Nd3 46. Rc4 Rb5 47. b4 Be7 48. Nc3 Rxb4 49. Rcxb4 Bxb4 50. Rd1 Nf2+ 51. Kh2 Nxd1 0-1

[Event "CZE-chT2B 2223"]
[Site "Czech Republic"]
[Date "2023.01.08"]
[Round "6.2"]
[White "Parizek, Vojtech"]
[Black "Buchcar, Tomas"]
[Result "1/2-1/2"]
[WhiteElo "2178"]
[BlackElo "2148"]
[PlyCount "41"]
[EventDate "2022.10.16"]
[EventType "team-tourn"]
[EventRounds "11"]
[EventCountry "CZE"]
[SourceTitle "EXT 2024"]
[Source "ChessBase"]
[SourceDate "2023.10.10"]
[SourceVersion "1"]
[SourceVersionDate "2023.10.10"]
[SourceQuality "1"]
[WhiteTeam "Kobylisy"]
[BlackTeam "Decin"]
[WhiteTeamCountry "CZE"]
[BlackTeamCountry "CZE"]

1. e4 c6 2. d4 d5 3. exd5 cxd5 4. c4 Nf6 5. Nc3 Nc6 6. Nf3 Bg4 7. cxd5 Nxd5 8. Qb3 Bxf3 9. gxf3 e6 10. Qxb7 Nxd4 11. Bb5+ Nxb5 12. Qc6+ Ke7 13. Qxb5 Qd7 14. Nxd5+ Qxd5 15. Bg5+ f6 16. Qxd5 exd5 17. Be3 Ke6 18. 0-0-0 Bb4 19. a3 Rhc8+ 20. Kb1 Bc5 21. Rhe1 1/2-1/2

[Event "CZE-chT2B 2122"]
[Site "Czech Republic"]
[Date "2022.03.20"]
[Round "10.4"]
[White "Parizek, Vojtech"]
[Black "Reljic, Michael"]
[Result "1-0"]
[WhiteElo "2212"]
[BlackElo "2025"]
[PlyCount "117"]
[EventDate "2021.10.17"]
[EventType "team-tourn"]
[EventRounds "11"]
[EventCountry "CZE"]
[SourceTitle "EXT 2025"]
[Source "ChessBase"]
[SourceDate "2024.10.14"]
[SourceVersion "1"]
[SourceVersionDate "2024.10.14"]
[SourceQuality "1"]
[WhiteTeam "Litomerice Slavoj"]
[BlackTeam "Vysehrad Sokol III"]
[WhiteTeamCountry "CZE"]
[BlackTeamCountry "CZE"]

1. e4 e5 2. Nf3 Nc6 3. Bb5 a6 4. Ba4 Nf6 5. 0-0 Be7 6. Re1 b5 7. Bb3 0-0 8. c3 d5 9. exd5 Nxd5 10. Nxe5 Nxe5 11. Rxe5 c6 12. d4 Bd6 13. Re1 Qh4 14. g3 Qh3 15. Be3 Bg4 16. Qd3 Rae8 17. Nd2 f5 18. f4 Kh8 19. Bxd5 cxd5 20. a4 bxa4 21. Qf1 Qxf1+ 22. Kxf1 a3 23. bxa3 Rc8 24. Rec1 Be7 25. Kf2 Bh5 26. c4 dxc4 27. Nxc4 Bf7 28. Ne5 Bd5 29. a4 g6 30. Nd3 Kg8 31. Nc5 Bxc5 32. dxc5 Bc6 33. Rcb1 Rb8 34. Rb6 Rxb6 35. cxb6 Kf7 36. Rc1 Rc8 37. a5 Bb7 38. Bc5 Rd8 39. Bd6 Rd7 40. Ke3 Ke6 41. Bb4 Kd5 42. Rc5+ Ke6 43. Re5+ Kf7 44. h3 h5 45. Rc5 Ke6 46. Bc3 Bg2 47. Kf2 Bb7 48. Be5 Be4 49. Rc3 Bb7 50. Ke3 Kd5 51. Bd4 Ke6 52. Kd3 Bg2 53. Rc8 Bxh3 54. Rg8 Kd5 55. Rxg6 Bf1+ 56. Kc3 Bb5 57. Rf6 Be2 58. Rxf5+ Ke4 59. Re5+ 1-0

[Event "CZE-chT2B 2122"]
[Site "Czech Republic"]
[Date "2021.11.21"]
[Round "3.4"]
[White "Bores, Miroslav"]
[Black "Parizek, Vojtech"]
[Result "1-0"]
[WhiteElo "2073"]
[BlackElo "2212"]
[PlyCount "87"]
[EventDate "2021.10.17"]
[EventType "team-tourn"]
[EventRounds "11"]
[EventCountry "CZE"]
[SourceTitle "EXT 2025"]
[Source "ChessBase"]
[SourceDate "2024.10.14"]
[SourceVersion "1"]
[SourceVersionDate "2024.10.14"]
[SourceQuality "1"]
[WhiteTeam "Decin"]
[BlackTeam "Litomerice Slavoj"]
[WhiteTeamCountry "CZE"]
[BlackTeamCountry "CZE"]

1. e4 c5 2. Nf3 d6 3. Bb5+ Bd7 4. a4 Nf6 5. Nc3 g6 6. 0-0 Bg7 7. e5 dxe5 8. Nxe5 Bxb5 9. axb5 0-0 10. Qf3 Nbd7 11. Nc4 Qc7 12. Re1 Rfe8 13. d3 Nb6 14. Bf4 Qd7 15. Re5 e6 16. Rxc5 Nfd5 17. Be5 f6 18. Nxd5 exd5 19. Rc7 Qe6 20. Bc3 dxc4 21. Qxb7 Bf8 22. dxc4 Re7 23. b3 Rae8 24. g3 Qd6 25. Rxa7 Rxc7 26. Qxc7 Qxc7 27. Rxc7 Re6 28. Bd4 Bb4 29. Rb7 Nc8 30. c5 Ne7 31. c3 Ba3 32. Ra7 Bb2 33. Rc7 Nd5 34. Rc8+ Kf7 35. b6 Re7 36. Rd8 Nxc3 37. Bxc3 Bxc3 38. c6 Be5 39. f4 Bc7 40. bxc7 Rxc7 41. Rd7+ Rxd7 42. cxd7 Ke7 43. Kf2 Kxd7 44. Ke3 1-0

[Event "CZE-chT1W 2122"]
[Site "Czech Republic"]
[Date "2021.10.31"]
[Round "2.1"]
[White "Stinka, Jakub"]
[Black "Parizek, Vojtech"]
[Result "1-0"]
[WhiteElo "2285"]
[BlackElo "2212"]
[PlyCount "63"]
[EventDate "2021.10.10"]
[EventType "team-tourn"]
[EventRounds "11"]
[EventCountry "CZE"]
[SourceTitle "EXT 2023"]
[Source "ChessBase"]
[SourceDate "2022.10.05"]
[SourceVersion "1"]
[SourceVersionDate "2022.10.05"]
[SourceQuality "1"]
[WhiteTeam "Ceske Budejovice"]
[BlackTeam "Kobylisy"]
[WhiteTeamCountry "CZE"]
[BlackTeamCountry "CZE"]

1. d4 Nf6 2. c4 g6 3. Nc3 Bg7 4. e4 d6 5. h3 0-0 6. Bg5 c5 7. d5 e6 8. Bd3 exd5 9. cxd5 b5 10. Bxb5 Qa5 11. Qa4 Qb4 12. Nge2 Nbd7 13. 0-0 Rb8 14. Rab1 a6 15. Bc6 Ne5 16. Qc2 a5 17. a3 Qb6 18. Bb5 Bd7 19. a4 Rfe8 20. Be3 Bxb5 21. Nxb5 Ned7 22. Nec3 Nh5 23. b3 Bd4 24. Bxd4 cxd4 25. Ne2 Nc5 26. Nexd4 Nxe4 27. Rfe1 Rbc8 28. Nc6 Nhf6 29. Ne7+ Rxe7 30. Qxc8+ Kg7 31. Qc2 Qb7 32. Qc6 1-0

[Event "Pardubice Czech op-A 32nd"]
[Site "Pardubice"]
[Date "2021.07.31"]
[Round "9"]
[White "Levitan, Ronit"]
[Black "Parizek, Vojtech"]
[Result "1/2-1/2"]
[WhiteElo "1909"]
[BlackElo "2190"]
[PlyCount "56"]
[EventDate "2021.07.23"]
[EventType "swiss"]
[EventRounds "9"]
[EventCountry "CZE"]
[SourceTitle "EXT 2022"]
[Source "ChessBase"]
[SourceDate "2021.10.06"]
[SourceVersion "1"]
[SourceVersionDate "2021.10.06"]
[SourceQuality "1"]

1. e4 c5 2. c3 Nf6 3. e5 Nd5 4. d4 cxd4 5. cxd4 Nc6 6. Nf3 d6 7. Bc4 Nb6 8. Bb5 Bd7 9. exd6 e6 10. Nc3 Bxd6 11. 0-0 Ne7 12. Bd3 Nbd5 13. Ne4 Bc7 14. Ne5 0-0 15. Qh5 Nf5 16. b3 Bc6 17. Nxc6 bxc6 18. g3 Nf6 19. Nxf6+ Qxf6 20. Bb2 Bb6 21. Rad1 Rfd8 22. Ba1 g6 23. Qf3 Bxd4 24. Bxf5 Bxa1 25. Be4 Rxd1 26. Rxd1 Rd8 27. Rxd8+ Qxd8 28. Bxc6 Bd4 1/2-1/2

[Event "Titled Tuesday intern op 01st Dec"]
[Site "Chess.com INT"]
[Date "2020.12.01"]
[Round "8"]
[White "Kislov, Oleg"]
[Black "Parizek, Vojtech"]
[Result "1-0"]
[WhiteElo "2249"]
[BlackElo "2190"]
[PlyCount "73"]
[EventDate "2020.12.01"]
[EventType "swiss (blitz)"]
[EventRounds "11"]
[EventCountry "USA"]
[SourceTitle "CBM 199 Extra"]
[Source "ChessBase"]
[SourceDate "2021.01.31"]
[SourceVersion "1"]
[SourceVersionDate "2021.01.31"]
[SourceQuality "1"]

1. e4 c5 2. Nf3 d6 3. c3 Nf6 4. Be2 g6 5. 0-0 Bg7 6. Re1 0-0 7. Bf1 Nc6 8. d4 cxd4 9. cxd4 e5 10. d5 Ne7 11. h3 Nd7 12. Nc3 f5 13. Ng5 Nc5 14. exf5 Nxf5 15. Nce4 Nxe4 16. Rxe4 Nd4 17. Be3 Bf5 18. Bxd4 Bxe4 19. Ne6 Qf6 20. Nxf8 Rxf8 21. Be3 Qh4 22. Qd2 Rc8 23. Rc1 Qd8 24. Rxc8 Qxc8 25. Bxa7 Bb1 26. a4 Qc2 27. Qxc2 Bxc2 28. a5 e4 29. b4 Bb3 30. Bb8 Be5 31. b5 Bxd5 32. a6 bxa6 33. bxa6 Bc6 34. Bc4+ Kf8 35. Be6 Ke7 36. Bc8 Ba8 37. Bb7 1-0

[Event "Titled Tuesday intern op 01st Dec"]
[Site "Chess.com INT"]
[Date "2020.12.01"]
[Round "7"]
[White "Parizek, Vojtech"]
[Black "Kadam, Om Manish"]
[Result "1-0"]
[WhiteElo "2190"]
[BlackElo "2114"]
[PlyCount "47"]
[EventDate "2020.12.01"]
[EventType "swiss (blitz)"]
[EventRounds "11"]
[EventCountry "USA"]
[SourceTitle "CBM 199 Extra"]
[Source "ChessBase"]
[SourceDate "2021.01.31"]
[SourceVersion "1"]
[SourceVersionDate "2021.01.31"]
[SourceQuality "1"]

1. e4 c5 2. Nf3 d6 3. d4 cxd4 4. Nxd4 Nf6 5. Nc3 a6 6. Bg5 e6 7. f4 h6 8. Bh4 Nbd7 9. Qf3 Be7 10. 0-0-0 Qc7 11. g4 g5 12. fxg5 Ne5 13. Qg3 Nfxg4 14. gxh6 Bxh4 15. Qxh4 Rxh6 16. Qg5 Rg6 17. Qh4 Rg7 18. Qh8+ Ke7 19. Qxg7 Nf2 20. Nf5+ Kd7 21. Rxd6+ Qxd6 22. Nxd6 Kxd6 23. Qf8+ Kc7 24. Be2 1-0

[Event "CZE-ch rapid U20"]
[Site "Ceska Trebova"]
[Date "2020.09.20"]
[Round "9"]
[White "Parizek, Vojtech"]
[Black "Volak, Simon"]
[Result "1-0"]
[WhiteElo "1871"]
[BlackElo "1681"]
[PlyCount "101"]
[EventDate "2020.09.19"]
[EventType "swiss (rapid)"]
[EventRounds "9"]
[EventCountry "CZE"]
[SourceTitle "CBM 198 Extra"]
[Source "ChessBase"]
[SourceDate "2020.11.30"]
[SourceVersion "1"]
[SourceVersionDate "2020.11.30"]
[SourceQuality "1"]

1. e4 c5 2. Nf3 g6 3. d4 cxd4 4. Nxd4 Bg7 5. Nc3 Nc6 6. Nde2 Nf6 7. g3 0-0 8. Bg2 d6 9. 0-0 Bd7 10. h3 Rb8 11. a4 a6 12. Be3 b5 13. axb5 axb5 14. Nd5 Nxd5 15. exd5 Na5 16. Bd4 b4 17. Bxg7 Kxg7 18. Nd4 Qb6 19. Re1 Rfe8 20. Qd3 e5 21. dxe6 Bxe6 22. Re4 Bc4 23. Qe3 Rxe4 24. Qxe4 b3 25. c3 Qc7 26. Kh2 d5 27. Qg4 Nc6 28. Nf5+ Kg8 29. Re1 Rf8 30. Qg5 f6 31. Nh6+ Kg7 32. Qe3 Qe5 33. Qd2 Qg5 34. Qxg5 fxg5 35. Ng4 h5 36. Ne3 Rxf2 37. Kg1 Re2 38. Rxe2 Bxe2 39. Bxd5 Ne5 40. Bxb3 Nd3 41. Nc4 Nc1 42. Nd2 Nd3 43. Bc4 Nc1 44. Bxe2 Nxe2+ 45. Kf2 Nc1 46. Ke3 Kf6 47. b4 Ke6 48. Ne4 Na2 49. Nxg5+ Kd5 50. Ne4 Kc4 51. Kf4 1-0

[Event "CZE-ch rapid U20"]
[Site "Ceska Trebova"]
[Date "2020.09.19"]
[Round "5"]
[White "Parizek, Vojtech"]
[Black "Cibulka, Josef"]
[Result "0-1"]
[WhiteElo "1871"]
[BlackElo "1521"]
[PlyCount "110"]
[EventDate "2020.09.19"]
[EventType "swiss (rapid)"]
[EventRounds "9"]
[EventCountry "CZE"]
[SourceTitle "CBM 198 Extra"]
[Source "ChessBase"]
[SourceDate "2020.11.30"]
[SourceVersion "1"]
[SourceVersionDate "2020.11.30"]
[SourceQuality "1"]

1. e4 c5 2. Nf3 Nc6 3. d4 cxd4 4. Nxd4 g6 5. Nc3 Bg7 6. Nde2 Nf6 7. g3 0-0 8. Bg2 d6 9. 0-0 a6 10. a4 Be6 11. h3 Rc8 12. Nd5 Bxd5 13. exd5 Nb8 14. Be3 Nbd7 15. Re1 Qc7 16. c3 Ne5 17. b3 Ned7 18. c4 Nc5 19. Bd4 Rfe8 20. a5 e5 21. dxe6 fxe6 22. Nf4 e5 23. Nd5 Nxd5 24. Bxd5+ Kh8 25. Bc3 Qd7 26. Kg2 Rf8 27. b4 Ne6 28. Qg4 Rce8 29. Rad1 Qf7 30. f4 Qf6 31. Rf1 Qe7 32. Rde1 Nd8 33. c5 dxc5 34. Rxe5 Qc7 35. bxc5 Qxc5 36. Rxe8 Qxd5+ 37. Qf3 Qxf3+ 38. Kxf3 Rxe8 39. Bxg7+ Kxg7 40. Rd1 Nc6 41. Rd7+ Re7 42. Rd5 Kf7 43. g4 Ke6 44. Ke4 Rd7 45. f5+ gxf5+ 46. gxf5+ Ke7 47. f6+ Ke6 48. Rxd7 Kxd7 49. Kf5 Nxa5 50. Kg5 Ke6 51. h4 Nc4 52. Kh6 Kxf6 53. h5 Ne5 54. Kxh7 Ng4 55. h6 Nxh6 0-1

[Event "CZE-ch rapid U20"]
[Site "Ceska Trebova"]
[Date "2020.09.19"]
[Round "4"]
[White "Vaclavik, Patrik"]
[Black "Parizek, Vojtech"]
[Result "0-1"]
[WhiteElo "1590"]
[BlackElo "1871"]
[PlyCount "68"]
[EventDate "2020.09.19"]
[EventType "swiss (rapid)"]
[EventRounds "9"]
[EventCountry "CZE"]
[SourceTitle "CBM 198 Extra"]
[Source "ChessBase"]
[SourceDate "2020.11.30"]
[SourceVersion "1"]
[SourceVersionDate "2020.11.30"]
[SourceQuality "1"]

1. e4 c5 2. c3 Nf6 3. e5 Nd5 4. Nf3 e6 5. d4 cxd4 6. cxd4 Nc6 7. Bc4 d6 8. Bxd5 exd5 9. 0-0 dxe5 10. Nxe5 Nxe5 11. dxe5 Bc5 12. Nc3 Be6 13. Qa4+ Qd7 14. Qxd7+ Kxd7 15. Rd1 Kc6 16. a3 a5 17. Na4 b6 18. Bd2 Kb5 19. Nc3+ Kc4 20. a4 Rhd8 21. Nb5 d4 22. b3+ Kxb3 23. Rab1+ Kxa4 24. Rb2 Bb3 25. Ra1+ Kxb5 26. Rxb3+ Kc6 27. Rf3 Rd7 28. Rg3 g6 29. Rf3 Kd5 30. Bf4 b5 31. Rb3 b4 32. Bd2 Kc4 33. Rh3 h5 34. Rc1+ Kb5 0-1

[Event "Ceske Budejovice op-A"]
[Site "Ceske Budejovice"]
[Date "2020.07.06"]
[Round "6"]
[White "Stevik, Patrik1"]
[Black "Parizek, Vojtech"]
[Result "0-1"]
[WhiteElo "2047"]
[BlackElo "2207"]
[PlyCount "28"]
[EventDate "2020.07.01"]
[EventType "swiss"]
[EventRounds "9"]
[EventCountry "CZE"]
[SourceTitle "CBM 197 Extra"]
[Source "ChessBase"]
[SourceDate "2020.09.30"]
[SourceVersion "1"]
[SourceVersionDate "2020.09.30"]
[SourceQuality "1"]

1. b3 e5 2. Bb2 Nc6 3. e3 Nf6 4. Bb5 Bd6 5. Ne2 0-0 6. Ng3 Re8 7. 0-0 e4 8. Bxc6 dxc6 9. Nh5 Bxh2+ 10. Kh1 Ng4 11. g3 Qg5 12. Nf4 Bxg3 13. Nh3 Qh4 14. Kg2 Nxe3+ 0-1

[Event "Titled Tuesday intern op 21st April"]
[Site "Chess.com INT"]
[Date "2020.04.21"]
[Round "1"]
[White "Cubas, Jose Fernando"]
[Black "Parizek, Vojtech"]
[Result "1-0"]
[WhiteElo "2469"]
[BlackElo "2176"]
[PlyCount "115"]
[EventDate "2020.04.21"]
[EventType "swiss (blitz)"]
[EventRounds "10"]
[EventCountry "USA"]
[SourceTitle "EXT 2021"]
[Source "ChessBase"]
[SourceDate "2020.10.23"]
[SourceVersion "1"]
[SourceVersionDate "2020.10.23"]
[SourceQuality "1"]

1. e4 c5 2. Nc3 Nc6 3. Bb5 g6 4. f4 Bg7 5. Nf3 Nd4 6. 0-0 Nxb5 7. Nxb5 Nf6 8. e5 Nd5 9. d4 cxd4 10. Qxd4 Nb6 11. Be3 0-0 12. Nxa7 Rxa7 13. Qxb6 Ra4 14. Qxd8 Rxd8 15. b3 Re4 16. Bb6 Re8 17. Nd2 Re2 18. Rf2 Rxf2 19. Kxf2 d6 20. Re1 dxe5 21. fxe5 Bf5 22. c4 Rc8 23. Nf3 Rc6 24. Bd4 Ra6 25. a4 Bc2 26. Re3 Kf8 27. Rc3 Bd1 28. Ke1 Bxf3 29. gxf3 Ke8 30. Rd3 Kd7 31. f4 Ke6 32. Kf2 Kf5 33. Kf3 h6 34. Bc5 g5 35. fxg5 hxg5 36. Bxe7 Bxe5 37. h3 Rh6 38. Kg2 g4 39. hxg4+ Kxg4 40. Bd6 Rxd6 41. Re3 Bf4 42. Re7 Rd2+ 43. Kf1 Kf3 44. Ke1 f5 45. Rxb7 Rb2 46. Kd1 Be3 47. a5 Rd2+ 48. Ke1 Rc2 49. Rd7 Rc1+ 50. Rd1 Rxd1+ 51. Kxd1 f4 52. b4 Kg2 53. Ke2 f3+ 54. Kxe3 f2 55. Kd4 f1Q 56. Kc5 Qf5+ 57. Kb6 Qe6+ 58. Kb5 1-0